Statistiques concernant Du plus grand au plus petit. (Pays D'Océanie)

Cliquez ici pour prendre le quiz!

Statistiques générales

  • Ce quiz a été pris 90 fois
  • Le résultat moyen est 12 sur 14

Statistiques - réponses

PlaceSuperficie (km²)RéponsesIndices% Correct
17 740 000Australie9 lettres
100%
3267 710Nouvelle-Zélande15 lettres
96%
2462 840Papouasie-Nouvelle-Guinée23 lettres
95%
518 274Fidji5 lettres
88%
8811Kiribati8 lettres
85%
612 189Vanuatu7 lettres
85%
1421Nauru5 lettres
84%
1326Tuvalu6 lettres
84%
10702Micronésie10 lettres
83%
72 831Samoa5 lettres
83%
11459Palau / Palaos5 ou 6 lettres
81%
9747Tonga5 lettres
81%
12181Îles Marshall12 lettres (nom complet)
80%
428 896Îles Salomon11 lettres (nom complet)
79%

Distribution des résultats

Percentile par nombre de réponses

% des personnes avec chaque résultat

Votre développement - résultats

Vous n’avez pas pris ce quiz